000 00554nam a2200217Ia 4500
005 20251020182456.0
008 200515s9999 xx 000 0 und d
082 _a624.05/I59
110 _aInstituto Nacional de Aprendizaje
245 0 _aOrganización y Supervisión de las Actividades de la Construcción
260 _aSan José
260 _bINA
260 _c1985
300 _ap. irregular
300 _bil., tbl., graf.
500 _a1 ejemplar
650 _aPUB INA
650 _aSUPERVISION DE OBRAS
942 _cLIB
999 _c1026
_d1026